Восстание декабристов (Запись № 9059733)

Подробности
000 -МАРКЕР
контрольное поле 01920nam1a22003611 4500
001 - ИДЕНТИФИКАТОР ЗАПИСИ
контрольное поле rc\3995948
005 - ИДЕНТИФИКАТОР ВЕРСИИ
контрольное поле 20260507100124.0
035 ## - ДРУГИЕ СИСТЕМНЫЕ НОМЕРА
Идентификатор записи (NLR Aleph) 008070492
100 ## - ДАННЫЕ ОБЩЕЙ ОБРАБОТКИ
Данные общей обработки 20260510 rusy50
101 0# - ЯЗЫК РЕСУРСА
Язык текста, звукозаписи и т.д. русский
102 ## - СТРАНА ПУБЛИКАЦИИ ИЛИ ПРОИЗВОДСТВА
Страна публикации Российская Федерация
105 ## - ПОЛЕ КОДИРОВАННЫХ ДАННЫХ: ТЕКСТОВЫЕ МАТЕРИАЛЫ, МОНОГРАФИЧЕСКИЕ
Кодированные данные о монографическом текстовом документе z |||||
200 1# - ЗАГЛАВИЕ И СВЕДЕНИЯ ОБ ОТВЕТСТВЕННОСТИ
Основное заглавие Восстание декабристов
Сведения, относящиеся к заглавию документы
Первые сведения об ответственности [под ред. и с предисл. проф. М.В. Нечкиной
Последующие сведения об ответственности Гл. архивное упр. Центр. гос. ист. архив СССР в Москве]
210 ## - ПУБЛИКАЦИЯ, РАСПРОСТРАНЕНИЕ И ДР.
Место издания, распространения и т.д. Москва
Имя издателя, распространителя и т. д. Госполитиздат
Дата издания, распространения и т.д. 1925-1986
215 ## - ФИЗИЧЕСКАЯ ХАРАКТЕРИСТИКА
Размеры 27
225 2# - СЕРИЯ
Основное заглавие серии Материалы по истории восстания декабристов
300 ## - ОБЩИЕ ПРИМЕЧАНИЯ
Текст примечания На обороте тит. л. загл.: Материалы по истории восстания декабристов
300 ## - ОБЩИЕ ПРИМЕЧАНИЯ
Текст примечания Т. 1-6, 8 вышли в 1925-1929 гг. под ред. и с предисл. М.Н. Покровского (в РНБ на шифре 17.132.2.44)
300 ## - ОБЩИЕ ПРИМЕЧАНИЯ
Текст примечания Т. 19-20: вышли в 2001 г. в изд-ве РОССПЭН
517 1# - ДРУГИЕ ВАРИАНТЫ ЗАГЛАВИЯ
Вариант заглавия Материалы по истории восстания декабристов
606 1# - НАИМЕНОВАНИЕ ТЕМЫ КАК ПРЕДМЕТ
Наименование темы Декабристы
Формальный подзаголовок Документы и материалы
Системный номер авторитетной/нормативной записи 983991
Идентификатор авторитетной/нормативной записи RU\NLR\AUTH\6652480
686 0# - ИНДЕКСЫ ДРУГИХ КЛАССИФИКАЦИЙ
Индекс Т3(2)472-411,011
Код системы
702 #1 - ИМЯ ЛИЦА - ВТОРИЧНАЯ ОТВЕТСТВЕННОСТЬ
Код отношения Редактор
-- Автор введения, предисловия, примечания и т.п.
Графика поля Кириллица
Материалы, к которым относится поле rus
Начальный элемент ввода Нечкина
Часть имени, кроме начального элемента ввода М. В.
Даты 1899-1985
Расширение инициалов личного имени Милица Васильевна
Системный номер авторитетной/нормативной записи 113287
Идентификатор авторитетной/нормативной записи RU\NLR\AUTH\773282
712 02 - НАИМЕНОВАНИЕ ОРГАНИЗАЦИИ - ВТОРИЧНАЯ ОТВЕТСТВЕННОСТЬ
Код отношения Издатель
Начальный элемент ввода Центральный исторический архив СССР
Системный номер авторитетной/нормативной записи 294008
Идентификатор авторитетной/нормативной записи RU\NLR\AUTH\8810695
712 02 - НАИМЕНОВАНИЕ ОРГАНИЗАЦИИ - ВТОРИЧНАЯ ОТВЕТСТВЕННОСТЬ
Код отношения Прочие
Начальный элемент ввода Институт истории СССР
Идентифицирующий признак Москва
Системный номер авторитетной/нормативной записи 278005
Идентификатор авторитетной/нормативной записи RU\NLR\AUTH\883382
801 #0 - ИСТОЧНИК ЗАПИСИ
Страна Российская Федерация
Организация NLR
Дата составления 20130415
Правила каталогизации psbo
801 #1 - ИСТОЧНИК ЗАПИСИ
Страна Российская Федерация
Организация ELAR
Дата составления 20130415
Источник данных rusmarc
801 #2 - ИСТОЧНИК ЗАПИСИ
Страна Российская Федерация
Организация NLR
Дата составления 20140124
Источник данных rusmarc
852 ## - МЕСТОНАХОЖДЕНИЕ И ШИФР ХРАНЕНИЯ
Идентификатор организации NLR
Шифр хранения (Call Number) Ир30 Г-7/7 (7, 9-18)
942 ## - ДОПОЛНИТЕЛЬНЫЕ ЭЛЕМЕНТЫ ЗАПИСИ (АБИС)
Тип экземпляра АБИС Книга
980 ## - КОЛЛЕКЦИЯ
Название коллекции Национальная библиография

Нет доступных экземпляров.